00485nam a2200133Ia 4500008004100000100001900041245012200060245003400182260005300216260000900269300001100278650001500289856004700304170221s9999 xx 000 0 und d aGita Sugiyarti aExperiential Marketing Creative Antecedence for Success of Brand Loyalty: The Users of Perfume for Body in Indonesia  cGita Sugiyarti, Hendar Hendar bInternational Review of Management and Marketing c2016 a15 : 4 xMarketing. uhttp://www.econjournals.com/index.php/irmm